Statistics for Events in History #4

Click here to take the quiz!

General Stats

  • This quiz has been taken 20,748 times
    (13,164 since last reset)
  • The average score is 14 of 20

Answer Stats

Date Year Event % Correct
Apr 101998Good Friday Agreement
signed in Northern {Ireland}
89%
-1662Last sighting of the {dodo} bird
86%
Jun 251950The {Korean} War begins
85%
Jan 181788First fleet of convicts arrives
in {Australia}
83%
Feb 272014Russia invades the peninsula
of {Crimea}
82%
Nov 241859 "On the Origin of {Species}",
by Charles Darwin, is published
80%
-1099Crusaders capture the
city of {Jerusalem}
75%
Apr 291945Adolf Hitler marries {Eva} {Braun}
75%
Jul 91762{Catherine} the Great
becomes empress of Russia
75%
Dec 141911Amundsen reaches the
{South} {Pole}
72%
Jul 11997{Hong} {Kong} returned to China
71%
May 61937The zeppelin {Hindenburg}
catches fire
71%
-874Ingólfr Arnarson becomes the
first person to settle on {Iceland}
68%
Dec 21993Drug lord {Pablo} {Escobar} shot
by police in Medellín
68%
May 11876Victoria declared Empress of {India}
67%
Mar 121930{Gandhi} marches to the sea
to get salt
56%
Nov 11520{Magellan} sails through the strait
that bears his name
50%
May 161966Mao announces the start of the
{Cultural} Revolution
48%
Aug 161896Start of the {Klondike} Gold Rush
44%
Jun 161373England signs an alliance with
{Portugal}, still in force today
39%

Score Distribution

Percentile by Number Answered

Percent of People with Each Score

Your Score History

You have not taken this quiz since the last reset